000 00572nam a2200229Ia 4500
003 OSt
005 20220923230556.0
006 a|||||r|||| 00| 0
007 ta
008 Pun
024 _a283,335
037 _cTextual
040 _aARTS
_cARTS
_bPun
041 _2Pun
_aPun
082 _aO153,3NCHx, L7
100 _aਸਵਰਨ ਚੰਦਰ
245 0 _aਉਜੜਿਆ ਖੂਹ
260 _c1977
650 _aਪੰਜਾਬੀ ਸਾਹਿਤ
942 _hO153,3NCHx, L7
_cTEXL
_2CC
999 _c385823
_d385823